Short-wave radio and the ionosphere, (Record no. 183467)

000 -LEADER
fixed length control field 01091 a2200181 4500
003 - CONTROL NUMBER IDENTIFIER
control field Nust
005 - DATE AND TIME OF LATEST TRANSACTION
control field 20250923173922.0
040 ## - CATALOGING SOURCE
Transcribing agency Nust
082 ## - DEWEY DECIMAL CLASSIFICATION NUMBER
Classification number 621.384151,BEN
100 ## - MAIN ENTRY--PERSONAL NAME
Personal name Bennington, T. W
9 (RLIN) 80015
245 ## - TITLE STATEMENT
Title Short-wave radio and the ionosphere,
Remainder of title with special reference to everyday profesional and amateur problems of short-wave transmission and reception.
Statement of responsibility, etc. Bennington, T. W. [from old catalog]
250 ## - EDITION STATEMENT
Edition statement 2nd ed.
260 ## - PUBLICATION, DISTRIBUTION, ETC.
Place of publication, distribution, etc. London, Published for Wireless World by Iliffe [1950]
Name of publisher, distributor, etc. Published for Wireless World by Iliffe
Date of publication, distribution, etc. [1950]
300 ## - PHYSICAL DESCRIPTION
Extent 138 p. illus.
Other physical details 22 cm.
505 ## - FORMATTED CONTENTS NOTE
Formatted contents note Fundamentals of Long Distance Radio Communication (Page-9) Formation and Structure of The Ionosphere (Page-40) Ionospheic Variations (Page-53) Short Wave Transmission (Page-71) Multiple-Hop Transmission and Ionospheric Forecasting (Page-88) Amateur Transmission on High Frequencies (Page-101) Radio Noise, Jonospheric Absorption and The Low Limiting Frequency (Page-115) Jonospheric Storms and Other Phenomena (Page-123)
650 ## - SUBJECT ADDED ENTRY--TOPICAL TERM
Topical term or geographic name entry element Short-wave radio
9 (RLIN) 106077
942 ## - ADDED ENTRY ELEMENTS (KOHA)
Source of classification or shelving scheme
Koha item type Book
Holdings
Withdrawn status Lost status Source of classification or shelving scheme Damaged status Not for loan Permanent Location Current Location Shelving location Date acquired Full call number Barcode Date last seen Price effective from Koha item type Public note
          Military College of Signals (MCS) Military College of Signals (MCS) General Stacks 12/12/2016 621.384151,BEN MCS6875 12/08/2016 12/12/2016 Book Almirah No.84, Shelf No.2
© 2023 Central Library, National University of Sciences and Technology. All Rights Reserved.